[Event "ch-RUS Blitz 2016"]
[Site "Sochi RUS"]
[Date "2016.10.04"]
[Round "10.9"]
[White "Shaposhnikov, Evgeny"]
[Black "Bryzgalin, Kirill"]
[Result "1-0"]
[WhiteTitle "GM"]
[BlackTitle "GM"]
[WhiteElo "2557"]
[BlackElo "2424"]
[WhiteFideId "4122232"]
[BlackFideId "4133285"]
[EventDate "2016.10.04"]

1. Nf3 d5 2. d4 c6 3. c4 Nf6 4. e3 a6 5. Bd3 Bg4 6. Nbd2 e6 7. b3 Nbd7 8. Bb2
Be7 9. Qc2 Bh5 10. O-O O-O 11. Ne5 Bg6 12. Nxg6 hxg6 13. c5 a5 14. a3 g5 15. b4
Re8 16. b5 Bf8 17. f4 gxf4 18. exf4 Ng4 19. Rae1 a4 20. bxc6 bxc6 21. h3 Ngf6
22. Bc3 Qc7 23. g3 g6 24. Kg2 Bg7 25. Rb1 Red8 26. Rb4 Ne4 27. Nxe4 dxe4 28.
Bxe4 Nf6 29. Bf3 Nd5 30. Bxd5 Rxd5 31. Rxa4 Rad8 32. Rd1 e5 33. fxe5 Bxe5 34.
Qf2 Rxc5 35. dxc5 Rxd1 36. Ra8+ Kg7 37. Qf4 Rd5 38. Qh4 f6 39. Qh8+ Kf7 40. Qh7+
Ke6 41. Qxg6 Rd8 42. Qg4+ Kf7 43. Bxe5 Rd2+ 44. Kf3 Rd3+ 45. Ke2 Qxe5+ 46. Kxd3
Qd5+ 47. Kc3 Qe5+ 48. Qd4 1-0

[Event "ch-RUS Blitz 2016"]
[Site "Sochi RUS"]
[Date "2016.10.04"]
[Round "10.10"]
[White "Matinian, Nikita"]
[Black "Rozum, Ivan"]
[Result "0-1"]
[WhiteTitle "IM"]
[BlackTitle "GM"]
[WhiteElo "2495"]
[BlackElo "2590"]
[WhiteFideId "24129100"]
[BlackFideId "24104272"]
[EventDate "2016.10.04"]

1. e4 c6 2. d4 d5 3. e5 Bf5 4. Nf3 e6 5. Be2 c5 6. Be3 Qb6 7. Nc3 Nc6 8. Bb5 c4
9. O-O a6 10. Bxc6+ Qxc6 11. Ne2 Ne7 12. Ng3 Bg6 13. Nh4 Nc8 14. f4 Be7 15. Nf3
b5 16. Qd2 Nb6 17. h4 h6 18. h5 Bh7 19. Nh2 c3 20. bxc3 Nc4 21. Qe2 Be4 22. Nxe4
dxe4 23. Ng4 Rc8 24. Bf2 f5 25. exf6 gxf6 26. Bh4 f5 27. Bxe7 Kxe7 28. Nf2 Rhg8
29. Nd1 Rg3 30. a4 bxa4 31. Rf2 Rcg8 32. Kf1 e3 33. Rf3 Nd2+ 0-1

[Event "ch-RUS Blitz 2016"]
[Site "Sochi RUS"]
[Date "2016.10.04"]
[Round "10.11"]
[White "Potapov, Pavel"]
[Black "Zablotsky, Sergei"]
[Result "1/2-1/2"]
[WhiteTitle "GM"]
[BlackTitle "GM"]
[WhiteElo "2493"]
[BlackElo "2518"]
[WhiteFideId "4169786"]
[BlackFideId "4131606"]
[EventDate "2016.10.04"]

1. e4 d6 2. d4 Nf6 3. Nc3 e5 4. Nf3 Nbd7 5. Bc4 Be7 6. O-O O-O 7. a4 c6 8. Re1
exd4 9. Nxd4 Ne5 10. Ba2 Re8 11. h3 Bd7 12. Bf4 Qa5 13. Qd2 Qb4 14. Nf5 Bxf5 15.
exf5 Ned7 16. Rad1 d5 17. g4 Bd6 18. Bxd6 Qxd6 19. Qd4 a5 20. g5 Nh5 21. Qg4 g6
22. fxg6 hxg6 23. Ne4 Qc7 24. Ng3 Ne5 25. Rxe5 Qxe5 26. Nxh5 gxh5 27. Qxh5 Qe2
28. Qxe2 Rxe2 29. Bb3 Rae8 30. Kg2 Kg7 31. h4 Kg6 32. Kg3 Re1 33. Rd3 Rg1+ 34.
Kf3 Rh1 35. Kg3 Rh8 36. Rd4 Rg1+ 37. Kf3 Rh1 38. Kg3 Rg1+ 39. Kf3 Re1 40. c4 Rh1
41. Kg3 Rg1+ 42. Kf3 Rh1 1/2-1/2

[Event "ch-RUS Blitz 2016"]
[Site "Sochi RUS"]
[Date "2016.10.04"]
[Round "10.12"]
[White "Yuffa, Daniil"]
[Black "Romanov, Evgeny"]
[Result "0-1"]
[WhiteTitle "IM"]
[BlackTitle "GM"]
[WhiteElo "2534"]
[BlackElo "2619"]
[WhiteFideId "24131423"]
[BlackFideId "4148843"]
[EventDate "2016.10.04"]

1. e4 c6 2. d4 d5 3. e5 c5 4. c3 Nc6 5. Nf3 Bg4 6. Be2 e6 7. Nbd2 Rc8 8. O-O a6
9. h3 Bh5 10. Re1 Bg6 11. Nf1 cxd4 12. Nxd4 Nxd4 13. Qxd4 Ne7 14. Bg5 h6 15.
Qa4+ Qd7 16. Qxd7+ Kxd7 17. Be3 Nf5 18. Bf4 Bc5 19. Rad1 Rhd8 20. g4 Ne7 21. Be3
Ke8 22. Bxc5 Rxc5 23. Ne3 Bh7 24. f4 g5 25. Ng2 Be4 26. Bd3 Bxg2 27. Kxg2 gxf4
28. Kf3 d4 29. cxd4 Rxd4 30. Bb5+ Rxb5 31. Rxd4 Ng6 32. b4 a5 33. a4 Rxb4 34.
Rxb4 axb4 35. Re4 b3 36. Rb4 Nxe5+ 0-1

[Event "ch-RUS Blitz 2016"]
[Site "Sochi RUS"]
[Date "2016.10.04"]
[Round "10.13"]
[White "Vitiugov, Nikita"]
[Black "Golubov, Saveliy"]
[Result "1-0"]
[WhiteTitle "GM"]
[BlackTitle "IM"]
[WhiteElo "2721"]
[BlackElo "2481"]
[WhiteFideId "4152956"]
[BlackFideId "24176729"]
[EventDate "2016.10.04"]

1. d4 Nf6 2. c4 g6 3. g3 Bg7 4. Bg2 O-O 5. Nf3 d6 6. O-O Nc6 7. Nc3 Bd7 8. d5
Na5 9. Qd3 c5 10. Nd2 a6 11. Rb1 b5 12. b3 Ng4 13. Nf3 e5 14. dxe6 Bxe6 15. Nd5
Nc6 16. Bg5 f6 17. Bf4 Bf5 18. e4 Bc8 19. Rfd1 Nge5 20. Bxe5 fxe5 21. cxb5 axb5
22. Qxb5 Nd4 23. Nxd4 cxd4 24. Nb6 Rb8 25. Qd5+ Kh8 26. Nxc8 Qxc8 27. Rbc1 Qa6
28. Rc2 Rbc8 29. Bf1 Qa3 30. Bc4 Rfd8 31. Kg2 Rc5 32. Qe6 Rcc8 33. h4 Re8 34.
Qd5 Rf8 35. h5 gxh5 36. Rh1 Rf6 37. Rxh5 Rcf8 38. Rf5 Rxf5 39. exf5 Bf6 40. Bd3
Qb4 41. Rc7 Qb6 42. Rd7 Rd8 43. Rf7 Bg5 44. f6 1-0

[Event "ch-RUS Blitz 2016"]
[Site "Sochi RUS"]
[Date "2016.10.04"]
[Round "10.14"]
[White "Riazantsev, Alexander"]
[Black "Kryakvin, Dmitry"]
[Result "1-0"]
[WhiteTitle "GM"]
[BlackTitle "GM"]
[WhiteElo "2651"]
[BlackElo "2554"]
[WhiteFideId "4125029"]
[BlackFideId "4153278"]
[EventDate "2016.10.04"]

1. d4 g6 2. c4 Bg7 3. e4 d6 4. Nc3 c5 5. d5 e6 6. Nf3 Ne7 7. Bf4 e5 8. Bd2 O-O
9. h4 h6 10. Qc1 h5 11. Bd3 Nd7 12. Ng5 Nf6 13. f3 Nh7 14. a3 b6 15. Be3 Bd7 16.
Qd2 a6 17. b4 Qc8 18. Rb1 f6 19. Nxh7 Kxh7 20. bxc5 bxc5 21. Bc2 Ng8 22. Ba4 Bh6
23. Bxh6 Nxh6 24. Qc2 Rf7 25. Bxd7 Rxd7 26. O-O Rb8 27. Qa4 Rxb1 28. Rxb1 Rb7
29. Qc6 Rxb1+ 30. Nxb1 Qb8 31. Nd2 Qb2 32. Nf1 Qd4+ 33. Kh2 Nf7 34. Qxa6 Qd1 35.
Ng3 Qc1 36. Qc8 Qxa3 37. Qf8 Qa7 38. Ne2 Qd7 39. Nc3 g5 40. Ne2 gxh4 41. f4 Nh6
42. f5 Ng4+ 43. Kh3 Qg7 44. Qe8 Kh6 45. Kxh4 Qg5+ 46. Kh3 Qg7 47. Ng3 Kh7 1-0

[Event "ch-RUS Blitz 2016"]
[Site "Sochi RUS"]
[Date "2016.10.04"]
[Round "10.15"]
[White "Usmanov, Vasily"]
[Black "Rakhmanov, Aleksandr"]
[Result "0-1"]
[WhiteTitle "IM"]
[BlackTitle "GM"]
[WhiteElo "2431"]
[BlackElo "2662"]
[WhiteFideId "4135741"]
[BlackFideId "4173708"]
[EventDate "2016.10.04"]

1. d4 Nf6 2. c4 d6 3. Nf3 g6 4. Nc3 Bf5 5. Bf4 Bg7 6. e3 O-O 7. Qb3 b6 8. h3 Nc6
9. g4 Bd7 10. Rd1 Re8 11. Qc2 h6 12. Bg2 e5 13. dxe5 dxe5 14. Bh2 e4 15. Nd2 Nb4
16. Qb1 Nd3+ 17. Kf1 Bc6 18. Ndxe4 Nxe4 19. Nxe4 Bxe4 20. Bxe4 Rxe4 21. Rxd3 Qf6
22. Kg2 Qc6 23. Bg3 Rxg4+ 24. Kh2 Rxc4 25. Rhd1 h5 26. Rd7 h4 27. Bf4 Qf3 28.
R1d2 Rxf4 29. exf4 Qxf4+ 30. Kg2 Be5 31. Qg1 Bd6 32. Re2 Qf5 33. Rxd6 cxd6 34.
Qd1 Qg5+ 35. Kf1 Qf6 36. Qd3 Rc8 37. Re1 Kg7 38. b3 Rc3 39. Qe4 Rxh3 40. Kg2 Rc3
41. Rh1 Qg5+ 42. Kh2 Qe5+ 43. Qxe5+ dxe5 44. Kg2 g5 45. Rd1 Rc2 46. a4 Rc3 47.
Rd5 Kf6 48. b4 Rc4 49. Rb5 Kf5 50. a5 bxa5 51. bxa5 Ra4 52. Rb7 Rxa5 53. Rxf7+
Kg4 54. f3+ Kh5 55. Kh3 Ra4 56. Rf5 Rf4 57. Rxe5 Rxf3+ 58. Kg2 Ra3 59. Rb5 a5
60. Kh2 a4 61. Kg2 Kg4 62. Rb4+ Kf5 63. Rb5+ Kf4 64. Rb4+ Ke3 65. Rg4 Kd2 66.
Kf2 h3 67. Rxg5 Rd3 68. Ra5 a3 69. Ra8 Rc3 70. Re8 Kc2 71. Ke2 h2 72. Rh8 a2 73.
Rxh2 a1=Q 0-1

[Event "ch-RUS Blitz 2016"]
[Site "Sochi RUS"]
[Date "2016.10.04"]
[Round "10.16"]
[White "Smagin, Sergey"]
[Black "Chigaev, Maksim"]
[Result "0-1"]
[WhiteTitle "GM"]
[BlackTitle "IM"]
[WhiteElo "2551"]
[BlackElo "2551"]
[WhiteFideId "4100425"]
[BlackFideId "4108116"]
[EventDate "2016.10.04"]

1. d4 Nf6 2. c4 e6 3. g3 c5 4. d5 exd5 5. cxd5 d6 6. Nc3 g6 7. Nf3 Bg7 8. Bg2
O-O 9. O-O Re8 10. Bf4 Na6 11. Re1 Nc7 12. e4 Bg4 13. h3 Bxf3 14. Qxf3 Nh5 15.
Be3 b5 16. g4 Nf6 17. Bg5 b4 18. e5 bxc3 19. exf6 cxb2 20. Rxe8+ Nxe8 21. Rb1
Rb8 22. Qa3 Bxf6 23. Bxf6 Qxf6 24. Qxa7 Rb4 25. a3 Rb3 26. Qa4 Rb8 27. Qa7 Qd8
28. a4 Rb4 29. a5 Nc7 30. a6 Nb5 31. Qb7 Nc3 32. Rxb2 Rxb7 33. Rxb7 Kg7 34. Bf1
Qa5 35. Rb3 Nxd5 36. Rd3 Nb6 37. Rxd6 c4 38. Rc6 Qxa6 39. Bxc4 Qa1+ 40. Kg2 Qa8
41. Bb5 Qa5 42. Be2 Nd5 43. Bf3 Nf4+ 44. Kg3 Qe5 45. Rc8 h5 0-1

[Event "ch-RUS Blitz 2016"]
[Site "Sochi RUS"]
[Date "2016.10.04"]
[Round "10.17"]
[White "Khairullin, Ildar"]
[Black "Savitskiy, Sergey"]
[Result "1-0"]
[WhiteTitle "GM"]
[BlackTitle "FM"]
[WhiteElo "2630"]
[BlackElo "2415"]
[WhiteFideId "4151348"]
[BlackFideId "24105660"]
[EventDate "2016.10.04"]

1. e4 c5 2. Nf3 d6 3. Bd3 g6 4. c3 Bg7 5. O-O Nf6 6. Bc2 O-O 7. d4 cxd4 8. cxd4
Bg4 9. Nbd2 d5 10. e5 Nfd7 11. h3 Bxf3 12. Nxf3 e6 13. Re1 Nc6 14. a3 Qb6 15.
Rb1 a5 16. h4 f6 17. exf6 Nxf6 18. Rxe6 Rae8 19. Rxe8 Rxe8 20. Bb3 Kh8 21. Bg5
Ng4 22. Ba4 Re4 23. Bxc6 Qxc6 24. Rc1 Qe8 25. Bd2 h6 26. Bxa5 Kh7 27. Rc2 b5 28.
Bc3 Qe6 29. b3 Qd6 30. a4 bxa4 31. bxa4 Qa6 32. a5 Bf8 33. Ne5 Nxe5 34. dxe5 Qb5
35. Rb2 Qc4 36. Qb3 Qd3 37. Rd2 1-0

[Event "ch-RUS Blitz 2016"]
[Site "Sochi RUS"]
[Date "2016.10.04"]
[Round "10.18"]
[White "Sakaev, Konstantin"]
[Black "Shcherbakov, Ruslan"]
[Result "1/2-1/2"]
[WhiteTitle "GM"]
[BlackTitle "GM"]
[WhiteElo "2594"]
[BlackElo "2516"]
[WhiteFideId "4104226"]
[BlackFideId "4102240"]
[EventDate "2016.10.04"]

1. d4 Nf6 2. c4 e5 3. dxe5 Ng4 4. e3 Bb4+ 5. Bd2 Bxd2+ 6. Qxd2 Nxe5 7. Nc3 O-O
8. Nh3 d6 9. Nf4 Nbc6 10. Be2 Ne7 11. O-O N7g6 12. Rad1 Nxf4 13. exf4 Nd7 14.
Bf3 a5 15. Ne4 Qh4 16. g3 Qh6 17. Rfe1 a4 18. Qd4 Ra5 19. Nc3 Nf6 20. Nb5 Bg4
21. Bxg4 Nxg4 22. h4 Qf6 23. Nxc7 Rc5 24. Nd5 Qxd4 25. Rxd4 h5 26. Nc3 Rfc8 27.
b3 axb3 28. axb3 Ra8 29. Rxd6 Ra3 30. Rb6 Rc7 31. Nb5 Rxb3 32. f3 Rxc4 33. fxg4
Rxg3+ 34. Kf2 Rxg4 35. Nd6 Rcxf4+ 36. Ke3 Rxh4 37. Rxb7 Rb4 38. Rxf7 Rb3+ 39.
Kf2 Rb2+ 40. Kg1 Rg4+ 41. Kh1 Rh4+ 1/2-1/2

[Event "ch-RUS Blitz 2016"]
[Site "Sochi RUS"]
[Date "2016.10.04"]
[Round "10.19"]
[White "Popov, Ivan RUS"]
[Black "Sharafiev, Azat"]
[Result "1-0"]
[WhiteTitle "GM"]
[BlackTitle "IM"]
[WhiteElo "2596"]
[BlackElo "2418"]
[WhiteFideId "4170350"]
[BlackFideId "4186214"]
[EventDate "2016.10.04"]

1. e4 e5 2. Nf3 Nc6 3. Bc4 Bc5 4. c3 Nf6 5. d3 O-O 6. Bg5 Be7 7. O-O d6 8. a4 h6
9. Be3 a5 10. h3 Nh7 11. d4 exd4 12. cxd4 Ng5 13. Nxg5 Bxg5 14. f4 Bf6 15. Nc3
Nb4 16. e5 dxe5 17. dxe5 Qxd1 18. Raxd1 Be7 19. f5 Nc2 20. Bc1 Bc5+ 21. Kh1 Ne3
22. Bxe3 Bxe3 23. Nd5 Bc5 24. Nxc7 Rb8 25. e6 fxe6 26. fxe6 Rxf1+ 27. Rxf1 Kh7
28. Re1 Bb4 29. Re2 1-0

[Event "ch-RUS Blitz 2016"]
[Site "Sochi RUS"]
[Date "2016.10.04"]
[Round "10.20"]
[White "Levin, Evgeny A."]
[Black "Dreev, Aleksey"]
[Result "0-1"]
[WhiteTitle "GM"]
[BlackTitle "GM"]
[WhiteElo "2505"]
[BlackElo "2660"]
[WhiteFideId "4182596"]
[BlackFideId "4100107"]
[EventDate "2016.10.04"]

1. d4 d5 2. c4 c6 3. Nf3 Nf6 4. e3 Bf5 5. Nc3 e6 6. Nh4 Be4 7. Qb3 Qc7 8. f3 Bg6
9. Bd2 Be7 10. Nxg6 hxg6 11. O-O-O a6 12. Kb1 dxc4 13. Bxc4 b5 14. Be2 c5 15.
Ne4 c4 16. Qc2 Nc6 17. Nxf6+ Bxf6 18. h4 a5 19. g4 a4 20. g5 Be7 21. f4 0-1

[Event "ch-RUS Blitz 2016"]
[Site "Sochi RUS"]
[Date "2016.10.04"]
[Round "11.1"]
[White "Artemiev, Vladislav"]
[Black "Ponkratov, Pavel"]
[Result "1/2-1/2"]
[WhiteTitle "GM"]
[BlackTitle "GM"]
[WhiteElo "2663"]
[BlackElo "2589"]
[WhiteFideId "24101605"]
[BlackFideId "4157800"]
[EventDate "2016.10.04"]

1. Nf3 Nf6 2. c4 c5 3. Nc3 e6 4. e3 d5 5. d4 Nc6 6. cxd5 Nxd5 7. Bd3 Be7 8. O-O
O-O 9. a3 cxd4 10. exd4 Nf6 11. Be3 b6 12. Qe2 Bb7 13. Rad1 Rc8 14. Rfe1 Nd5 15.
Nxd5 Qxd5 16. Bc4 Qh5 17. d5 Na5 18. Ba2 Bxd5 19. Bxd5 exd5 20. Bxb6 axb6 21.
Qxe7 Rfd8 22. Nd4 h6 23. h3 Qg5 24. Qxg5 hxg5 25. Nf5 Kf8 26. Ne7 Rc2 27. b4 Nc4
28. Nxd5 b5 29. Ne3 Rxd1 30. Rxd1 Nxe3 31. fxe3 Rc3 32. Kf2 Rxa3 33. Rd5 f6 34.
Rxb5 Rb3 35. Rb7 Kg8 36. b5 Kh7 37. b6 Kg6 38. g4 Kh6 39. Rb8 g6 40. Kf3 f5 41.
Ke2 Kg7 42. b7 Rb4 43. Kd3 Rb1 44. Kd4 Rb2 45. gxf5 gxf5 46. Ke5 Rb5+ 47. Kd4
Rb1 48. Kd3 Rb3+ 49. Ke2 Rb2+ 50. Kf3 Rb3 51. Kf2 Rb2+ 52. Kf3 Rb3 53. Ke2 Rb2+
54. Kd3 Rb3+ 55. Kc4 Rb1 56. Kd4 Rb4+ 57. Kd3 1/2-1/2

[Event "ch-RUS Blitz 2016"]
[Site "Sochi RUS"]
[Date "2016.10.04"]
[Round "11.2"]
[White "Andreikin, Dmitry"]
[Black "Savchenko, Boris"]
[Result "1-0"]
[WhiteTitle "GM"]
[BlackTitle "GM"]
[WhiteElo "2736"]
[BlackElo "2613"]
[WhiteFideId "4158814"]
[BlackFideId "4147332"]
[EventDate "2016.10.04"]

1. e4 c5 2. Nf3 g6 3. c3 Bg7 4. d4 cxd4 5. cxd4 d5 6. e5 Bg4 7. Bb5+ Nd7 8. O-O
e6 9. Nbd2 Ne7 10. h3 Bxf3 11. Nxf3 a6 12. Bd3 O-O 13. h4 f6 14. exf6 Bxf6 15.
Re1 Nc6 16. Bg5 Qe7 17. Qd2 Rae8 18. Re3 Qb4 19. Bxf6 Qxd2 20. Nxd2 Rxf6 21. Nb3
Kf7 22. g3 Ke7 23. Rae1 Kd6 24. Bf1 h6 25. a3 g5 26. hxg5 hxg5 27. Bh3 Nd8 28.
Bg2 g4 29. Nc1 Nc6 30. Nb3 Ref8 31. R1e2 Nb6 32. Rc3 Nc4 33. Nd2 Nxd4 34. Nxc4+
dxc4 35. Rd2 Kc5 36. b4+ Kb6 37. Rxd4 1-0

[Event "ch-RUS Blitz 2016"]
[Site "Sochi RUS"]
[Date "2016.10.04"]
[Round "11.3"]
[White "Romanov, Evgeny"]
[Black "Bologan, Victor"]
[Result "1-0"]
[WhiteTitle "GM"]
[BlackTitle "GM"]
[WhiteElo "2619"]
[BlackElo "2640"]
[WhiteFideId "4148843"]
[BlackFideId "13900048"]
[EventDate "2016.10.04"]

1. d4 Nf6 2. Nf3 g6 3. Bg5 Bg7 4. Nbd2 d6 5. e4 h6 6. Bxf6 Bxf6 7. e5 Bg7 8. Bc4
e6 9. Qe2 d5 10. Bd3 c5 11. c3 Nc6 12. O-O Qb6 13. Rab1 cxd4 14. cxd4 O-O 15.
Nb3 a5 16. Rfc1 Nb4 17. Rc5 Bd7 18. Bb5 Bc6 19. a3 Na6 20. Bxa6 Rxa6 21. Nbd2
Raa8 22. h4 Rfc8 23. Nf1 Bd7 24. Rbc1 Rxc5 25. Rxc5 Rc8 26. Rxc8+ Bxc8 27. h5 g5
28. Ne3 Bd7 29. Ng4 Qc7 30. Qd2 b6 31. Nxg5 hxg5 32. Qxg5 Kh7 33. h6 Bh8 34.
Nf6+ Bxf6 35. exf6 1-0

[Event "ch-RUS Blitz 2016"]
[Site "Sochi RUS"]
[Date "2016.10.04"]
[Round "11.4"]
[White "Dubov, Daniil"]
[Black "Rozum, Ivan"]
[Result "1-0"]
[WhiteTitle "GM"]
[BlackTitle "GM"]
[WhiteElo "2648"]
[BlackElo "2590"]
[WhiteFideId "24126055"]
[BlackFideId "24104272"]
[EventDate "2016.10.04"]

1. c4 b6 2. Nc3 Bb7 3. e4 c5 4. Nf3 Nf6 5. e5 Ne4 6. Ne2 f6 7. d3 Ng5 8. Nxg5
fxg5 9. Bxg5 Qc7 10. Bf4 e6 11. Nc3 Nc6 12. Nb5 Qd8 13. Qh5+ g6 14. Qg4 a6 15.
Nc3 Bg7 16. Bg5 Nxe5 17. Bxd8 Nxg4 18. Bxb6 d6 19. Be2 Ne5 20. O-O Nc6 21. Bg4
Nd4 22. Rae1 Kd7 23. Ne2 Nf5 24. Ba5 Bc6 25. Bc3 Bxc3 26. bxc3 Rab8 27. d4 Rb2
28. dxc5 dxc5 29. Nf4 Re8 30. Nd3 Rxa2 31. Nxc5+ Kd6 32. Nd3 Rc2 33. c5+ Kc7 34.
Nb4 Rxc3 35. Nxa6+ Kb7 36. Ra1 Nd4 37. Rfb1+ Bb5 38. Bf3+ Nxf3+ 39. gxf3 Kc6 40.
Rxb5 Kxb5 41. Nc7+ Kxc5 42. Nxe8 Rxf3 43. Ra7 Rf8 44. Re7 Kd5 45. Kg2 e5 46. Kg3
h5 47. Ng7 Ke4 48. Ne6 Rf3+ 49. Kg2 Ra3 50. Ng5+ Kf5 51. Nf3 Ra5 52. Rf7+ Ke6
53. Ng5+ Kd5 54. Rf6 1-0

[Event "ch-RUS Blitz 2016"]
[Site "Sochi RUS"]
[Date "2016.10.04"]
[Round "11.5"]
[White "Bocharov, Dmitry"]
[Black "Vitiugov, Nikita"]
[Result "1/2-1/2"]
[WhiteTitle "GM"]
[BlackTitle "GM"]
[WhiteElo "2611"]
[BlackElo "2721"]
[WhiteFideId "4138716"]
[BlackFideId "4152956"]
[EventDate "2016.10.04"]

1. d4 d5 2. c4 c6 3. Nf3 Nf6 4. e3 Bg4 5. h3 Bxf3 6. Qxf3 e6 7. Bd3 Nbd7 8. O-O
Bd6 9. Nc3 O-O 10. Rd1 Qe7 11. Qe2 dxc4 12. Bxc4 e5 13. dxe5 Nxe5 14. Bb3 Ng6
15. Bd2 Rfe8 16. Be1 Qe5 17. g3 Rad8 18. Qf3 Qe7 19. Kg2 Ne5 20. Qf5 g6 21. Qc2
Ned7 22. Qe2 Nc5 23. Bc2 h5 24. Rd4 Ne6 25. Rc4 a6 26. Rd1 c5 27. a4 b5 28. axb5
axb5 29. Rh4 Qb7+ 30. Qf3 Qxf3+ 31. Kxf3 b4 32. Nb5 Be5 33. Rxd8 Rxd8 34. b3 Nd5
35. Ke2 Nb6 36. Re4 Bf6 37. f4 Ra8 38. Nd6 Ra2 39. Kd1 Nc7 40. Ne8 Nxe8 41.
Rxe8+ Kg7 42. e4 Ra1+ 43. Ke2 Ra2 44. Kd1 Ra1+ 45. Ke2 Ra2 46. Kd1 Bd4 47. Rb8
Nd7 48. Rb7 Nf6 49. Bd3 Rb2 50. Bc2 Ra2 51. Bd3 Rb2 52. Bc2 Ra2 53. Bd3 Rb2 54.
Bc2 Ra2 55. Bd3 Rb2 1/2-1/2

[Event "ch-RUS Blitz 2016"]
[Site "Sochi RUS"]
[Date "2016.10.04"]
[Round "11.6"]
[White "Pridorozhni, Aleksei"]
[Black "Riazantsev, Alexander"]
[Result "1-0"]
[WhiteTitle "GM"]
[BlackTitle "GM"]
[WhiteElo "2579"]
[BlackElo "2651"]
[WhiteFideId "4127870"]
[BlackFideId "4125029"]
[EventDate "2016.10.04"]

1. b3 d5 2. Bb2 Bf5 3. e3 Nd7 4. Nf3 e6 5. Be2 h6 6. O-O Ngf6 7. c4 c6 8. Nc3
Bd6 9. Rc1 a6 10. d3 O-O 11. Qd2 Qe7 12. Rfd1 Bh7 13. Qc2 e5 14. cxd5 cxd5 15.
Qb1 e4 16. dxe4 dxe4 17. Nd2 Nc5 18. Nc4 Nd3 19. Nxd6 Qxd6 20. Nxe4 Nxc1 21.
Qxc1 Qc6 22. Nxf6+ gxf6 23. Qxc6 bxc6 24. Rc1 Rfd8 25. Bd4 Be4 26. f3 Bd5 27.
Bxf6 Rdc8 28. e4 Be6 29. f4 Re8 30. Kf2 a5 31. Rxc6 a4 32. Rc3 axb3 33. axb3
Rec8 34. Rg3+ Kf8 35. f5 Bxb3 36. Rxb3 Ra2 37. Re3 Rc6 38. Be5 f6 39. Bf4 Kg7
40. Rg3+ Kh7 41. Rh3 Rcc2 42. Re3 Kg7 43. g4 Kh7 44. e5 Ra4 45. Kg3 Raa2 46. Bf3
fxe5 47. Rxe5 Rxh2 48. Re7+ Kg8 49. Bd5+ Kf8 1-0

[Event "ch-RUS Blitz 2016"]
[Site "Sochi RUS"]
[Date "2016.10.04"]
[Round "11.8"]
[White "Rakhmanov, Aleksandr"]
[Black "Grachev, Boris"]
[Result "1/2-1/2"]
[WhiteTitle "GM"]
[BlackTitle "GM"]
[WhiteElo "2662"]
[BlackElo "2628"]
[WhiteFideId "4173708"]
[BlackFideId "4129199"]
[EventDate "2016.10.04"]

1. c4 e6 2. d4 d5 3. Nc3 Nf6 4. cxd5 exd5 5. Bg5 c6 6. e3 Be7 7. Bd3 Nbd7 8. h3
Ne4 9. Bf4 Ndf6 10. Qc2 Bd6 11. Nge2 Bxf4 12. Nxf4 Nd6 13. O-O-O Qe7 14. Kb1 Be6
15. Rhe1 O-O-O 16. Na4 Kb8 17. Nc5 Bc8 18. Rc1 Nd7 19. Nb3 Nb6 20. Na5 Rhe8 21.
Ka1 g6 22. Qb3 Ka8 23. Bf1 Ne4 24. Re2 Nd6 25. Qb4 Ndc4 26. Qxe7 Rxe7 27. Nb3
Nd6 28. Nc5 Nd7 29. Nxd7 Bxd7 30. Nd3 f6 31. b3 Kb8 32. Kb2 Bf5 33. Nc5 Ne4 34.
Nxe4 Bxe4 35. Rd2 Bf5 36. Re1 g5 37. g3 Rde8 38. Kc3 a6 39. Bg2 Be4 40. Bxe4
Rxe4 41. Kd3 Kc7 42. Rh1 h5 43. Rc2 Kd6 44. Rcc1 f5 45. Rhg1 f4 46. gxf4 gxf4
47. Rg6+ Kc7 48. Rg7+ Kb8 49. Re1 Rf8 50. Rh7 Rf5 51. b4 fxe3 52. fxe3 Rh4 53.
Rg1 Rxh3 54. Rg8+ Ka7 55. Rgg7 Rff3 56. Rxb7+ Ka8 57. Rbe7 Rf8 58. Ra7+ Kb8 59.
Rxa6 Re8 60. Rb6+ Ka8 61. Ra6+ Kb8 62. Rb6+ 1/2-1/2

[Event "ch-RUS Blitz 2016"]
[Site "Sochi RUS"]
[Date "2016.10.04"]
[Round "11.9"]
[White "Shaposhnikov, Evgeny"]
[Black "Alekseev, Evgeny"]
[Result "1/2-1/2"]
[WhiteTitle "GM"]
[BlackTitle "GM"]
[WhiteElo "2557"]
[BlackElo "2636"]
[WhiteFideId "4122232"]
[BlackFideId "4138147"]
[EventDate "2016.10.04"]

1. Nf3 c5 2. c4 Nc6 3. Nc3 g6 4. e3 Nf6 5. d4 cxd4 6. exd4 d5 7. cxd5 Nxd5 8.
Qb3 e6 9. Bb5 Bg7 10. O-O O-O 11. Rd1 Nce7 12. Bg5 f6 13. Bd2 Bd7 14. Re1 Re8
15. Bc4 Qb6 16. Bxd5 Nxd5 17. Nxd5 exd5 18. Qxd5+ Be6 19. Qc5 Bf8 20. Qxb6 axb6
21. a3 Kf7 22. Rac1 Rac8 23. Be3 Bd5 24. Nd2 b5 25. Nb1 b4 26. axb4 Bxb4 27. Nc3
Bb3 28. h4 Red8 29. f3 Rc6 30. Kf2 Rd7 1/2-1/2

[Event "ch-RUS Blitz 2016"]
[Site "Sochi RUS"]
[Date "2016.10.04"]
[Round "11.10"]
[White "Chigaev, Maksim"]
[Black "Matlakov, Maxim"]
[Result "1-0"]
[WhiteTitle "IM"]
[BlackTitle "GM"]
[WhiteElo "2551"]
[BlackElo "2691"]
[WhiteFideId "4108116"]
[BlackFideId "4168003"]
[EventDate "2016.10.04"]

1. e4 e5 2. Nf3 Nc6 3. Bc4 Bc5 4. c3 Nf6 5. d3 d6 6. a4 a6 7. O-O h6 8. h3 O-O
9. Na3 Re8 10. Nc2 d5 11. exd5 Nxd5 12. Re1 Nb6 13. Bb3 Bf5 14. a5 Nd7 15. Ne3
Bh7 16. Bc4 Nf6 17. b4 Ba7 18. Qb3 Re7 19. b5 axb5 20. Qxb5 e4 21. dxe4 Bxe4 22.
Ba3 Rd7 23. Ne5 Nxe5 24. Qxe5 Bg6 25. Nf5 Rd2 26. Bc5 Bxc5 27. Qxc5 Kh7 28. Qe5
Qd7 29. Nd4 Re8 30. Qf4 Rb2 31. Rxe8 Qxe8 32. Qxc7 Ne4 33. Rf1 Nd2 34. Rd1 Qe4
35. Qc5 Qf4 36. Ne2 Qe4 37. Nd4 Nxc4 38. Qxc4 Qf4 39. Rf1 Rd2 40. Qd5 Bd3 41.
Nf3 Bxf1 42. Qxd2 Qc4 43. Ne5 Qa6 44. Qc2+ Kg8 45. Qb3 Bb5 46. Qxf7+ Kh7 47.
Qf5+ Kg8 48. c4 Ba4 49. Qf7+ Kh7 50. Qf5+ Kg8 51. Qf7+ Kh7 52. Nf3 Bc6 53. Nd4
Qxa5 54. Ne6 Qe1+ 55. Kh2 Qc3 56. Qf5+ Kg8 57. Qf8+ Kh7 58. Qf5+ Kg8 59. Qf4 Kh7
60. Nf8+ Kg8 61. Ng6 Kh7 62. Ne7 Qd3 63. Nxc6 bxc6 64. c5 Qd5 65. Qd6 Qe4 66. f3
Qe3 67. h4 Kh8 68. Kh3 Qe8 69. g4 Qc8 70. Kg3 Qe8 71. Kf2 Kh7 72. h5 Kh8 73. Kf1
Qc8 74. Ke2 Qa6+ 75. Ke3 Qa4 76. Qd8+ Kh7 77. Qd3+ Kh8 78. Qe4 Qa3+ 79. Kd4 Qb4+
80. Ke5 Qxc5+ 81. Ke6 Kg8 82. Kd7 Qd5+ 83. Kc7 Qxe4 84. fxe4 c5 85. e5 c4 86. e6
c3 87. e7 1-0